Nikel, zinok: metabolické a produkčné aspekty králikov

Bibliographic Details
Main Authors: Kalafová, Anna, 1967- (Author), Kováčik, Jaroslav (Author)
Format: Book
Language:Slovak
PhysicalDescription:87 s. grafy 24 cm
Published: Nitra Slovenská poľnohospodárska univerzita 2011
ISBN:9788055206462 (brož.)
Edition:1. vyd.
Subjects:

MARC

LEADER 00000cam a2200000 a 4500
001 vtls010330201
003 SK-MaSNL
005 20260301084835.0
008 150827s2011 xo dl 000 0 slo
015 |a SNBA2012/03-01351 
020 |a 9788055206462 (brož.) 
035 |a 4E332E8E-9070-46F9-99F5-32460D791160 
035 |a urn:nbn:sk:snk-amjjcp 
035 |a urn:nbn:sk:snk-am002prw 
040 |a SNK  |b slo  |c SNK  |e AACR2 
041 0 |a slo  |b eng 
044 |a xo  |c SK 
072 7 |a 636  |x Chov zvierta. Živočíšna výroba  |2 konspekt 
072 7 |a 577  |x Biochémia. Molekulárna biológia. Biofyzika  |2 konspekt 
080 |a 546.74  |2 2001 
080 |a 546.47  |2 2001 
080 |a 612.014.46  |2 2001 
080 |a (048.8)  |2 2001 
080 |a 637.5'692  |2 2001 
080 |a 636.92  |2 2001 
080 |a 636.08  |2 2001 
100 1 |a Kalafová, Anna,  |d 1967-  |4 aut  |9 193047 
245 1 0 |a Nikel, zinok: metabolické a produkčné aspekty králikov  |c Anna Kalafová, Jaroslav Kováčik 
250 |a 1. vyd. 
260 |a Nitra  |b Slovenská poľnohospodárska univerzita  |c 2011 
300 |a 87 s.  |b grafy  |c 24 cm 
366 |e 50 výt. 
504 |a Bibliogr. S. 71-87 
546 |a Res. angl. 
650 0 7 |a nikel  |2 SNKPH  |9 26822 
650 0 7 |a toxicita  |2 SNKPH  |9 17966 
650 0 7 |a králičie mäso  |2 SNKPH  |9 246062 
650 0 7 |a králiky  |2 SNKPH  |9 14978 
650 0 7 |a Nickel  |2 SNKPHeng  |9 334708 
650 0 7 |a zinok  |2 SNKPH  |9 16668 
650 0 7 |a Zinc  |2 SNKPH  |9 372455 
650 0 7 |a Toxicity  |2 SNKPHeng  |9 331184 
650 0 7 |a Rabbit meat  |2 SNKPH  |9 361328 
650 0 7 |a Rabbits  |2 SNKPHeng  |9 333089 
650 0 7 |a chov domácich zvierat  |2 SNKPH  |9 2801 
650 0 7 |a Keeping of domestic animals  |2 SNKPHeng  |9 410460 
655 7 |a monografie  |2 SNKPH  |9 70139 
655 7 |a Monographs  |2 SNKPHeng  |9 120675 
700 1 |a Kováčik, Jaroslav  |4 aut  |9 319147 
919 |a 978-80-552-0646-2 
958 |a NB 
958 |a OND 
968 |d 63 
999 |c 664379  |d 666309 
952 |a SNK  |b SNK  |y PREZ  |7 0  |p 17A0795631  |o snkSC 147625  |i snk2012/82  |8 0  |0 0  |1 0  |4 0  |d 2012-01-02  |l 0  |r 2025-07-16 00:00:00  |w 2026-02-23 
952 |a SNK  |b SNK  |y VYP  |7 0  |p 17A0795632  |o snkSC 147625 D1  |i snk2012/83  |8 0  |0 0  |1 0  |4 0  |d 2012-01-02  |f 1  |l 0  |r 2026-02-23 19:05:02  |w 2026-02-23